Social science international

Bibliographic Details
Corporate Author: Centre for Good Living (Cuttack, India)
Format: Electronic Journal
Language:English
Published: Cuttack, Orissa, India : Centre for Good Living
Subjects:
Online Access:Full text available from Research Library: 01/01/2011 to 07/31/2014

MARC

LEADER 00000nas a2200000 a 4500
001 ssj0000579467
003 WaSeSS
005 20200512172242.0
006 m d
007 cr n
008 890926c198u9999ii fr p s s 0 a0eng c
010 |a  89913118  
016 7 |a 009878686  |2 Uk 
022 |l 0970-1087  |y 0970-1087 
025 |a Y9-913118 
035 |a (WaSeSS)ssj0000579467 
037 |b Centre for Good Living, Jagannath Ballav, Cuttack-753001, Orissa, India 
040 |a GZM  |b eng  |c GZM  |d DLC  |d NST  |d DLC  |d CRL  |d EYM  |d DLC  |d OCLCQ  |d CRL  |d OCLCQ  |d UKMGB  |d CRL  |d OCLCQ  |d OCLCF  |d OCLCO  |d CUS  |d U3G  |d WaSeSS 
042 |a pcc 
050 0 0 |a H1  |b .S6124 
082 0 0 |a 300/.5  |2 20 
210 0 |a Soc. sci. int. 
222 0 |a Social Science International 
245 0 0 |a Social science international  |h [electronic resource]. 
260 |a Cuttack, Orissa, India :  |b Centre for Good Living 
310 |a Semiannual 
500 |a "Interdisciplinary readings." 
506 |a License restrictions may limit access. 
515 |a Some no. issued in combined form. 
588 |a Description based on: Vol. 4, no. 1-2 (Jan.-July 1988); title from cover. 
650 0 |a Social sciences  |v Periodicals. 
650 7 |a Social sciences.  |2 fast  |0 (OCoLC)fst01122877 
655 0 |a Electronic journals. 
710 2 |a Centre for Good Living (Cuttack, India) 
850 |a DLC  |a ICRL  |a MiU 
856 4 0 |z Full text available from Research Library: 01/01/2011 to 07/31/2014  |u https://search.proquest.com/publication/506333